000
00234nam a22000857a 4500
008
161108b xxu||||| |||| 00| 0 eng d
100
_9
1050
_a
Ramchandran.A.etal.
245
_a
Mathematics-VIII
260
_a
New Delhi
_b
A.B.D. Publications
_c
2011
999
_c
3705
_d
3705